| 000 | 00536nam a2200193 a 4500 | ||
|---|---|---|---|
| 001 | 1769935627760 | ||
| 003 | YourLibrary | ||
| 005 | 20260201143129.0 | ||
| 008 | 260201s2002##################000#0#eng## | ||
| 020 | _a9780071386272 | ||
| 082 | 0 | 4 |
_a332.10681 _bMAR |
| 100 | 1 |
_aMarrison, Christopher, _eauthor. |
|
| 245 | 1 | 0 | _aThe Fundamentals of Risk Measurement : |
| 260 |
_bMcGraw Hill Professional, _c2002. |
||
| 300 | _a440 pages | ||
| 650 | 0 | _aBusiness & Economics. | |
| 942 | _cENGLISH | ||
| 040 |
_aYourLibrary _beng _cYourLibrary |
||
| 999 |
_c609703 _d609703 |
||